000 00790cam a2200277 a 4500
001 116129
005 20230410103843.0
008 100407s2009 ko a 000 0 eng
035 _a16176043
010 _a 2010400225
020 _a9788949906744
040 _aDLC
_cDLC
042 _apcc
043 _aa-kr---
050 1 4 _a409 DS 904
_bV427 2009
245 0 0 _a21 icons of Korean culture /
_cThe Academy of Korean Studies.
246 3 _aTwenty-one icons of Korean culture
260 _aSeoul, Korea :
_bKyung-in Publishing Co.,
_c2009.
300 _a309 p. :
_bill. ;
_c23 cm.
650 0 _aKorea
_xCivilization.
650 4 _aCorea
_xCivilización.
710 2 _aHan'gukhak Chungang Yæon'guwæon.
923 _d20100113
_n100113
_sEulyoo
942 _2lcc
_cbk
946 _aPP
999 _c27109
_d27109